000 00458nam a2200169Ia 4500
005 20250508160034.0
008 008 250505s9999 xx 000 0 eng d
037 _aBooks to be hide in OPAC
040 _aFEDL
_beng
_cFEDL
041 _aeng
_2eng
084 _qFEDL
245 0 _aReport of deputation on educational enquiries in Great Britain during 1902-1903
300 _a41p.
546 _aWeeded out
942 _cHB
999 _c1361305
_d1361305